| 000 | 00951nam a2200217Ia 4500 | ||
|---|---|---|---|
| 003 | OSt | ||
| 005 | 20210525170635.0 | ||
| 008 | 210310s1998 ck ad gr 000 0 spa d | ||
| 040 |
_aCO-JMCR _cCO-JMCR |
||
| 041 | 0 | _aspa | |
| 082 | 0 | 4 |
_a333.7152 / _bC718p _223 |
| 110 | 1 |
_aColombia. _bMinisterio del Medio Ambiente _910197 |
|
| 245 | 1 | 0 |
_aPrograma Hacia una producción mas limpia / _cMinisterio del Medio Ambiente |
| 260 |
_aBogotá : _bMinisterio del Medio Ambiente, _c1998 |
||
| 300 |
_a92 páginas : _bilustraciones y gráficas a blanco y negro ; _c28 cm. |
||
| 500 | _aIncluye notas a pie de página. | ||
| 505 | 0 | _aAvances y perspectivas de la política de producción más limpia -- Política y negaciones internacionales -- Avances y perspectivas de política a nivel sectorial -- Resumen general de costos y financiación | |
| 650 | 1 | 4 |
_aCostos y financiación _915906 _zColombia |
| 650 | 2 | 4 |
_aPolítica de producción _937881 |
| 942 |
_2ddc _cBK |
||
| 999 |
_c7950 _d7950 |
||